|
|
|
|
| LEADER |
00000nam a22000007a 4500 |
| 005 |
20210520220030.0 |
| 007 |
cr|||| ||||| |
| 008 |
210520s2021 es |||||s|||| 00||0 spa d |
| 035 |
|
|
|a 33595
|
| 040 |
|
|
|a vLex
|
| 090 |
|
|
|c 11748
|d 11748
|
| 100 |
1 |
|
|a Palomar, Alberto
|
| 245 |
1 |
0 |
|a Prc̀tico Haciendas Locales
|h [Recurso electrn̤ico] /
|c Alberto Palomar, Javier Fuertes
|
| 256 |
|
|
|a Servicio en ln̕ea
|
| 260 |
|
|
|a Barcelona:
|b Editorial vLex,
|c 2021
|
| 300 |
|
|
|a 1 recurso electrn̤ico
|
| 500 |
|
|
|a La obra "Prc̀tico de Haciendas Locales" analiza el sistema tributario y financiero aplicable a las Entidades Locales. As,̕ se estudian los diferentes recursos econm̤icos de las Haciendas de las Entidades Locales para lo cual se analizan los ingresos de derecho privado, los tributos propios, que se clasifican en tasas, contribuciones especiales e impuestos, los recargos exigibles sobre los impuestos de las Comunidades Autn̤omas o de otras Entidades Locales, las participaciones en los tributos del Estado y de las Comunidades Autn̤omas, las subvenciones, los precios pb︢licos y el producto de las operaciones de crďito. El Prc̀tico tambiň realiza un examen de los diferentes regm̕enes financieros especiales, como son los correspondientes a las Comunidades Autn̤omas Insulares, Baleares, Canarias, las Ciudades Autn̤omas, Ceuta y Melilla, los especiales supuestos de las ciudades de Madrid y de Barcelona, as ̕cm̤o de los regm̕enes forales de Navarra y del Pas̕ Vasco (Diputaciones Forales de ℓlava, Guipz︢coa y Vizcaya). Adems̀ de las fichas tčnicas, el Prc̀tico se completa con una seleccin̤ de consultas en materia de Haciendas Locales sobre asuntos controvertidos resueltas por autores expertos, as ̕como jurisprudencia y legislacin̤ aplicable.
|
| 506 |
1 |
|
|a Disponible solo en los productos indicados
|d vLex Global
|d vLex Global (Academic Edition, excluding Law Schools)
|d vLex Global (U.S. Academic Edition, Law Schools)
|d vLex Global (U.S. Academic Edition, excluding Law Schools)
|d vLex Global (Academic Edition, Law Schools)
|
| 650 |
0 |
4 |
|a Hacienda Local
|z Espaą
|
| 700 |
1 |
|
|a Fuertes, Javier
|
| 740 |
0 |
|
|a Prc̀ticos vLex (Servicio en ln̕ea)
|
| 856 |
4 |
0 |
|u https://vlex.com/source/practico-haciendas-locales-33595
|z Acceso restringido
|
| 942 |
|
|
|c BOOK
|
| 999 |
0 |
|
|a Local Hacienda
|